| 000 | 00696nam a2200217 a 4500 | ||
|---|---|---|---|
| 999 |
_c10334 _d10334 |
||
| 001 | 10334 | ||
| 003 | BD-JhCC | ||
| 005 | 20180523104156.0 | ||
| 008 | 180424s1998 bg |||| ||a| 000 0 ben d | ||
| 035 | _a(BD-JhCC)10334 | ||
| 040 |
_aBD-JhCC _dBD-JhCC |
||
| 041 | _aben | ||
| 082 |
_a891.4415 _bSAN 1998 |
||
| 245 |
_aসানাউল হক রচনাবলী / _cবিশ্বজিৎ ঘোষ (সম্পাদিত) |
||
| 260 |
_aঢাকা : _bবাংলা একাডেমী, _c1998 |
||
| 300 |
_a639 p. : _c22 cm. |
||
| 650 | _aCollection of Works | ||
| 700 | _aঘোষ বিশ্বজিৎ (সম্পাদিত) | ||
| 942 |
_2ddc _cBK |
||